Statistiche per Paesi dell'Africa - Quiz con mappa

Clicka qui per fare il quiz!

Statistiche generali

  • Questo quiz è stato fatto 1.475 volte
  • Il punteggio medio è 38 su 54

Risposte nella Mappa

Le risposte nella mappa del quiz sottostante sono codificate secondo una scala di colori dal rosso al verde in base alla % di persone che hanno risposto correttamente.
Caricamento ...
 

Statistiche sulle risposte

Risposta% Corretto
Marocco
96%
Egitto
95%
Algeria
94%
Tunisia
93%
Libia
93%
Sudafrica
90%
Madagascar
89%
Somalia
85%
Sudan
83%
Etiopia
83%
Eritrea
83%
Ciad
79%
Repubblica Centrafricana
79%
Sud Sudan
78%
Swaziland
77%
Kenya
77%
Congo ( Rep. Dem.)
77%
Angola
74%
Mozambico
73%
Niger
73%
Lesotho
73%
Capo Verde
72%
Gibuti
71%
Tanzania
70%
Togo
70%
Nigeria
70%
Mauritania
69%
Namibia
69%
Mali
68%
Sao Tome & Principe
68%
Mauritius
67%
Malawi
67%
Senegal
66%
Botswana
66%
Burundi
66%
Camerun
65%
Uganda
65%
Costa d'Avorio
64%
Congo (Rep.)
64%
Guinea Equatoriale
64%
Ruanda
64%
Seychelles
63%
Burkina Faso
63%
Zambia
61%
Ghana
60%
Zimbabwe
59%
Sierra Leone
59%
Comoros
58%
Gambia
57%
Guinea-Bissau
56%
Benin
56%
Gabon
56%
Liberia
55%
Guinea
53%

Distribuzione punteggi

Percentile per numero di risposta

Percentuale di utenti per punteggio

I tuoi punteggi nel tempo

Non hai fatto questo quiz